| 000 | 00600nam a22001817a 4500 | ||
|---|---|---|---|
| 005 | 20260128130004.0 | ||
| 010 | _aENG-147554 | ||
| 020 |
_c150.00 _a9789348685490 |
||
| 035 | _aEN-131086 | ||
| 037 |
_bDBAD _aDPL |
||
| 082 |
_a374 _21 |
||
| 245 |
_aEducation 5.0/ _cedited By Maria Charles |
||
| 250 | _a1 | ||
| 260 |
_bATC Publishers _aBengaluru _c2025 |
||
| 270 |
_aSt's Mary Block, Archdiocesan,Pastoral Center,#5, Nandidurga Road,Benson Town _bBengaluru _e560046 _k+918025491999 _k7090100444 _minfo@atcpublishers.com |
||
| 300 |
_a113p. _c21cm(pb) |
||
| 942 |
_2ddc _cEN _h374 _mEDU |
||
| 999 |
_c214320 _d214320 |
||